000 00325nam a2200109Ia 4500
008 200302s9999 xx 000 0 und d
100 _aAurora fernamdez per
245 _aNext collective housing in progress density intensity uses location types details
260 _bA+T Architecture Publisher
260 _c2010
300 _a335
999 _c6509
_d6509